| 000 | 00922nam2a22002411 4500 | ||
|---|---|---|---|
| 001 | rc\140850 | ||
| 005 | 20250621061037.0 | ||
| 010 | _a5-88590-417-0 | ||
| 035 | _a(NLR Aleph) 005613370 | ||
| 090 |
_a6434570 _c6434570 |
||
| 100 | _a20030307d1996 |||y0rusy50 ca | ||
| 101 | 0 | _arus | |
| 102 | _aRU | ||
| 105 | _ay ||||||||| | ||
| 200 | 0 |
_a[Т.] 1 _f[Пер. Т.Н. Замиловой] |
|
| 210 |
_d1996 _aБ. м. |
||
| 215 | _a506, [1] с. | ||
| 461 | 0 |
_1001rc\140849 _12001#$aШагающая смерть$e[В 3 т.$eПер. с англ.]$fУильям Кейт$v[Т.] 1 _1700#1$aКейт$bУ.Х.$gУильям Х.$cмл. _96434560 _aКейт, У.Х. (мл.) _cСмоленск _d1996 _fУильям Кейт _nРусич _o[В 3 т. : Пер. с англ.] _tШагающая смерть _y5885904219 _v[Т.] 1 |
|
| 801 | 0 |
_aRU _bNLR _gpsbo |
|
| 801 | 1 |
_aRU _bELAR _2rusmarc |
|
| 852 |
_aNLR _j96-3/6315 |
||
| 942 | _cBOOK | ||
| 980 | _aNB | ||